|
|
|
|
| LEADER |
01363cas a2200277 a 4500 |
| 001 |
AALejournalIMF001449 |
| 008 |
230101c9999 xx r poo 0 0eng d |
| 020 |
|
|
|c 15.00 USD
|
| 020 |
|
|
|z 9780939934591
|
| 022 |
|
|
|a 0251-6365
|
| 040 |
|
|
|a BD-DhAAL
|c BD-DhAAL
|
| 100 |
1 |
|
|a Mathieson, Donald.
|
| 245 |
1 |
0 |
|a International Capital Markets :
|b Developments and Prospects /
|c Donald Mathieson, Eliot Kalter, Maxwell Watson, G. Kincaid.
|
| 264 |
|
1 |
|a Washington, D.C. :
|b International Monetary Fund,
|c 1986.
|
| 300 |
|
|
|a 1 online resource (134 pages)
|
| 490 |
1 |
|
|a Occasional Papers
|
| 500 |
|
|
|a <strong>Off-Campus Access:</strong> No User ID or Password Required
|
| 500 |
|
|
|a <strong>On-Campus Access:</strong> No User ID or Password Required
|
| 506 |
|
|
|a Electronic access restricted to authorized BRAC University faculty, staff and students
|
| 520 |
3 |
|
|a This paper provides a description and analysis of recent developments in international capital markets and an assessment of the prospects for private financing flows.
|
| 538 |
|
|
|a Mode of access: Internet
|
| 700 |
1 |
|
|a Kalter, Eliot.
|
| 700 |
1 |
|
|a Kincaid, G.
|
| 700 |
1 |
|
|a Watson, Maxwell.
|
| 830 |
|
0 |
|a Occasional Papers; Occasional Paper ;
|v No. 1986/001
|
| 856 |
4 |
0 |
|z Full text available on IMF
|u http://elibrary.imf.org/view/books/084/03664-9780939934591-en/03664-9780939934591-en-book.xml
|z IMF e-Library
|